NETWORK YOUR WAY TO JOB AND CAREER SUCCESS : (Registro nro. 6968)
[ vista simple ]
| 000 -LEADER | |
|---|---|
| fixed length control field | 00564nam a2200169 a 4500 |
| 001 - CONTROL NUMBER | |
| control field | 6968 |
| 005 - DATE AND TIME OF LATEST TRANSACTION | |
| control field | 20180713190840.0 |
| 008 - FIXED-LENGTH DATA ELEMENTS--GENERAL INFORMATION | |
| fixed length control field | 140415s1989 000 0 spa d |
| 041 ## - LANGUAGE CODE | |
| Language code of text/sound track or separate title | spa |
| 082 ## - DEWEY DECIMAL CLASSIFICATION NUMBER | |
| Classification number | 650.14 |
| Item number | KRA |
| 100 1# - MAIN ENTRY--PERSONAL NAME | |
| Personal name | KRANNICH, RONALD L. |
| 245 10 - TITLE STATEMENT | |
| Title | NETWORK YOUR WAY TO JOB AND CAREER SUCCESS : |
| Remainder of title | THE COMPLETE GUIDE TO CREATING NEW OPPORTUNITIES |
| 260 ## - PUBLICATION, DISTRIBUTION, ETC. | |
| Place of publication, distribution, etc. | [s.l.] : |
| Name of publisher, distributor, etc. | IMPACT PUBLICATIONS, |
| Date of publication, distribution, etc. | 1989 |
| 300 ## - PHYSICAL DESCRIPTION | |
| Extent | 147 |
| 650 14 - SUBJECT ADDED ENTRY--TOPICAL TERM | |
| Topical term or geographic name entry element | ADMINISTRACION DE PERSONAL |
| General subdivision | APTITUD DE MANDO |
| -- | TRABAJO SOCIAL |
| 700 1# - ADDED ENTRY--PERSONAL NAME | |
| Personal name | KRANNNICH, CARYL RAE |
| Relator term | coaut. |
| Withdrawn status | Lost status | Source of classification or shelving scheme | Damaged status | Not for loan | Collection code | Home library | Current library | Shelving location | Date acquired | Source of acquisition | Inventory number | Total Checkouts | Full call number | Barcode | Date last seen | Price effective from | Koha item type |
|---|---|---|---|---|---|---|---|---|---|---|---|---|---|---|---|---|---|
| Dewey Decimal Classification | General | Biblioteca Karol Wojtyla | Biblioteca Karol Wojtyla | Sala general | 03/12/2013 | Compra | 151000000000000000025377 | 650.14 KRA | 19634 | 05/01/2026 | 03/12/2013 | Libro |